Historický kontext formovania inštitútu vyvlastnenia a jeho reflexia de lege lata

Komplexná analýza vyvlastnenia ako význačného inštitútu právneho poriadku cez prizmu jeho právneho vývoja a historického konštituovania v podmienkach slovenského právneho poriadku.

Na minha lista:
Detalhes bibliográficos
Autor principal: Gogová, Mária
Outros Autores: Budjač, Milan
Formato: Capítulo de Livro
Idioma:eslovaco
Assuntos:
Tags: Adicionar Tag
Sem tags, seja o primeiro a adicionar uma tag!

MARC

LEADER 00000naa$a2200000$$$4500
001 0072488
005 20240502071846.8
041 0 |a slo 
044 |a SK 
245 1 0 |a Historický kontext formovania inštitútu vyvlastnenia a jeho reflexia de lege lata  |c Mária Gogová, Milan Budjač 
520 |a Komplexná analýza vyvlastnenia ako význačného inštitútu právneho poriadku cez prizmu jeho právneho vývoja a historického konštituovania v podmienkach slovenského právneho poriadku. 
610 2 0 |a vyvlastnenie 
610 2 0 |a právo vlastnícke 
610 2 0 |a história 
610 2 0 |a Slovensko 
610 2 0 |a poriadok právny 
100 1 |a Gogová, Mária 
700 1 |a Budjač, Milan